JESUS, ANNO 11-N.10 SUPPL. (OTTOBRE 1989) (Record n. 129254)
[ formato base ]
| 000 -LEADER | |
|---|---|
| fixed length control field | 01035nas a2200253Ia 4500 |
| 001 - CONTROL NUMBER | |
| control field | R455/D7414 |
| 003 - CONTROL NUMBER IDENTIFIER | |
| control field | IT-RoPAU |
| 008 - FIXED-LENGTH DATA ELEMENTS--GENERAL INFORMATION | |
| fixed length control field | 151124c99999999xx |||||||||||| ||und|| |
| 040 ## - CATALOGING SOURCE | |
| Original cataloging agency | IT-RoPAU |
| 040 ## - CATALOGING SOURCE | |
| Transcribing agency | IT-RoPAU |
| 041 ## - LANGUAGE CODE | |
| Language code of text/sound track or separate title | ITALIANO |
| 100 ## - MAIN ENTRY--PERSONAL NAME | |
| Personal name | Rocca Giancarlo |
| Miscellaneous information | Codice Aut. SPICS: 14701 |
| 210 ## - ABBREVIATED TITLE | |
| Abbreviated title | JESUS |
| 222 ## - KEY TITLE | |
| Key title | Jesus |
| 245 ## - TITLE STATEMENT | |
| Title | JESUS, ANNO 11-N.10 SUPPL. (OTTOBRE 1989) |
| Remainder of title | Papa Ratti E' Affascinato Dal Carisma Paolino |
| 250 ## - EDITION STATEMENT | |
| Edition statement | 1a ed. |
| 260 ## - PUBLICATION, DISTRIBUTION, ETC. (IMPRINT) | |
| Place of publication, distribution, etc. | ALBA (CN) |
| Name of publisher, distributor, etc. | PERIODICI SAN PAOLO |
| Date of publication, distribution, etc. | 1989 |
| 300 ## - PHYSICAL DESCRIPTION | |
| Extent | 2 p. [10-11] |
| 362 ## - DATES OF PUBLICATION AND/OR SEQUENTIAL DESIGNATION | |
| Dates of publication and/or sequential designation | ANNO 011, N.10 SUPPL. (OTTOBRE 1989) |
| 501 ## - WITH NOTE | |
| -- | Paulus - SPICS - Società San Paolo EM (non-commercial uses only) |
| -- | Copyright2015 |
| 500 ## - GENERAL NOTE | |
| General note | Nel Momento della Prima Fioritura Delle Congregazioni Fondate da Don Giacomo Alberione, Mentre la Società San Paolo S'Impone per la Buona Stampa, Qualcuno Paventa per Questa Novità. Non Vi sono Precedenti di un Istituto con Tale Fine Specifico. ma Intervi |
| 650 ## - SUBJECT ADDED ENTRY--TOPICAL TERM | |
| Topical term or geographic name as entry element | PASTORALE |
| Form subdivision | PUBBLICAZIONE PERIODICA |
| 942 ## - ADDED ENTRY ELEMENTS (KOHA) | |
| Koha item type | RIVISTA |
| Withdrawn status | Lost status | Damaged status | Not for loan | Home library | Current library | Date acquired | Total Checkouts | Full call number | Date last seen | Price effective from | Koha item type | Public note |
|---|---|---|---|---|---|---|---|---|---|---|---|---|
| Buone Condizioni | Not For Loan | SPICS-MEDIATECA | SPICS-MEDIATECA | 25/11/2015 | R455/D7414 | 25/11/2015 | 25/11/2015 | RIVISTA | Progr. Ins: 80386 / Copia rara: NO / date import: 25.11.2015 / By Epidotti, Trombetti, Vaglietti |